| 000 | 01650nam0a22003011 4500 | ||
|---|---|---|---|
| 001 | v19\rc\1323386 | ||
| 005 | 20260406160106.0 | ||
| 035 | _a(NLR Aleph) 005204750 | ||
| 090 |
_a5346461 _c5346461 |
||
| 100 | _a20060512d1837 |||y0rusy50 ca | ||
| 101 | 0 | _arus | |
| 102 | _aRU | ||
| 105 | _ay z ||||| | ||
| 200 | 1 | _aОписание жизни и подвигов преосвященного Тихона, епископа Воронежского и Елецкого, сочиненное для любителей и почитателей памяти сего преосвященного | |
| 210 |
_aМосква _cСинод. тип. _d1837 |
||
| 215 |
_a[2], 105 с. _d20 |
||
| 300 | _aАвт. в кн. не указан; установлен по изд.: Рус. биогр. слов. ... Спб., 1912. [Т. 20]. С. 588 | ||
| 700 | 0 |
_7ca _8rus _aЕвгений _cБолховитинов, Евфимий Алексеевич _cмитрополит Киевский и Галицкий _f1767-1837 _9112808 _3RU\NLR\AUTH\772800 |
|
| 702 | 0 |
_7ca _8rus _aТихон Задонский _cСоколов, Тимофей Савельевич _cепископ _f1724-1783 _9118044 _3RU\NLR\AUTH\778127 |
|
| 790 | 0 |
_7ca _8rus _aЕвгений _cБолховитинов, Евфимий Алексеевич _cмитрополит Киевский и Галицкий _f1767-1837 _9112808 _3RU\NLR\AUTH\772800 |
|
| 801 | 0 |
_aRU _bNLR _c20060512 _gpsbo |
|
| 801 | 0 |
_aRU _bRuMoRGB _c20060512 _2psbo |
|
| 801 | 1 |
_aRU _bProSoft-M _c20060512 _2rusmarc |
|
| 801 | 2 |
_aRU _bNLR _c20061018 _2rusmarc |
|
| 852 |
_aNLR _j18.68.8.3 |
||
| 942 | _cBOOK | ||
| 980 | _aNB | ||